• 首页
  • 本馆介绍
  • 公告通知
  • 最新文献
  • 馆藏检索
  • 电子资源
  • 读者导购
  • 参考咨询
  • 我的图书馆
  • 登录
  • 详细信息显示
  • 放入我的书架
  • 预约/预借图书
  • 作者相关作品
  • 分类相关作品
  • 丛书相关作品
  • 出版社相关作品

书目信息

  • 表格格式
  • 工作单格式
  • 卡片格式
题名:
大电流能量技术与应用
    
 
作者: 日电气学会大电流能量技术与应用调查专门委员会 编 ;陈国呈 译
分册:  
出版信息: 北京   科学出版社  2004
页数: 271页
开本: 20cm
丛书名:
单 册:
中图分类: TM89
科图分类:
主题词: 高电压--技术--应用 , 大电流--技术--应用
电子资源:
ISBN: 7-03-014000-1
000 00887nam0 2200205 450
001 0735592734
005 20070906095312.73
010    @a7-03-014000-1@d¥32.00
100    @a20070906d km y0chiy0120 ea
101 0  @achi
200 1  @a大电流能量技术与应用@Ada dian liu neng liang ji shu yu ying yong@f[日]电气学会大电流能量技术与应用调查专门委员会编@F[ri]dian qi xue hui da dian liu neng liang ji shu yu ying yong diao cha zhuan men wei yuan hui bian@g陈国呈译@Gchen guo cheng yi
210    @a北京@c科学出版社@d2004
215    @a271页@d20cm
606 0  @a高电压@x技术@x应用
606 0  @a大电流@x技术@x应用
690    @aTM89@v3
701  0 @a日电气学会大电流能量技术与应用调查专门委员会@Ari dian qi xue hui da dian liu neng liang ji shu yu ying yong diao cha zhuan men wei yuan hui@4编
702  0 @a陈国呈@Achen guo cheng@4译
801  0 @aCN@bPFT@c20070906
905    @a213230@dTM89@ep27@f1
    
    大电流能量技术与应用/[日]电气学会大电流能量技术与应用调查专门委员会编/陈国呈译.-北京:科学出版社,2004
    271页;20cm
    
    
    ISBN 7-03-014000-1:¥32.00
    
●
相关链接 在E读中查询图书 在五车中查询图书 在当当中查询图书 在豆瓣中查询图书


正题名:大电流能量技术与应用     索取号:TM89/p27         预约/预借

序号 登录号 条形码 馆藏地/架位号 状态 备注
1 7202311   272023106   密集书库-物理学院/ [索取号:TM89/p27] 在馆    
2 7202312   272023115   密集书库-物理学院/ [索取号:TM89/p27] 在馆    
3 7202313   272023124   密集书库-物理学院/ [索取号:TM89/p27] 在馆    
4 7202314   272023133   密集书库-物理学院/ [索取号:TM89/p27] 在馆    
5 7202315   272023142   物理系资料室/ [索取号:TM89/p27] 在馆    
唐山师范学院图书馆 欢迎您!
大连网信软件有限公司© 版权所有